Statistics for "Something" of "Something" Titles

Click here to take the quiz!

General Stats

  • This quiz has been taken 26 times
  • The average score is 2 of 9

Answer Stats

Title Pt. 2% Correct
Title{Lord} of {The Rings}
92%
Title{A Song} of {Fire and Ice}
29%
Title{The Color} of {Magic}
17%
Title{Six} of {Crows}
13%
Title{The Mists} of {Avalon}
13%
Title{The Name} of {The Wind}
13%
Title{A Wizard} of {Earthsea}
8%
Title{The Lies} of {Locke Lamora}
8%
Title{The Winter} of {The Witch}
0%

Score Distribution

Percentile by Number Answered

Percent of People with Each Score

Your Score History

You have not taken this quiz